Statistics for Closest Cities to Washington, D.C.

Click here to take the quiz!

General Stats

  • This quiz has been taken 58 times
  • The average score is 11 of 20

Answer Stats

kmCitymi% Correct
57Baltimore35
100%
329New York City204
95%
199Philadelphia124
95%
155Richmond97
91%
306Pittsburgh190
82%
246Virginia Beach153
75%
375Raleigh233
73%
319Newark198
70%
327Jersey City203
61%
237Norfolk147
59%
363Durham226
52%
470Buffalo292
50%
398Greensboro247
43%
220Newport News137
43%
351Yonkers218
41%
241Chesapeake150
36%
421Winston-Salem262
34%
457Fayetteville284
20%
453Akron281
11%
379Cary235
11%

Score Distribution

Percentile by Number Answered

Percent of People with Each Score

Your Score History

You have not taken this quiz